000 00822nas a2200277 4500
001 BR2014002948
003 BR-BrBNA
005 20231205124017.0
007 ta
008 230509b bl.|||p| |||| 00| 00por d
040 _aBR-BrBNA
_bpor
_cBiblioteca Nacional de Agricultura
041 _a(Pt)
072 _aH10
100 1 _aMônaco, A.P. do A.
100 1 _aCarneiro, R.G.
100 1 _aScherer, A.
100 1 _aSantiago, D.C.
245 1 _aHospedabilidade de plantas medicinais a Meloidogyne paranaensis
650 _aPLANTA MEDICINAL
650 _aMELOIDOGYNE
650 _aNEMATÓIDE
650 _aVARIEDADE RESISTENTE
773 0 _tNematologia Brasileira (Brazil)
_xISSN 0102-2997
_g(Jun 2011), v. 35(1-2) p. 46-49
_wBR2014002948
909 _a202311
_bLúcia
_c55
_dLúcia Elande
942 _2AGRIS
_n0
_cANA
999 _c236889
_d236889